logo

Cloud Computing (Record no. 2021)

000 -LEADER
fixed length control field 00611nam a22002297a 4500
003 - CONTROL NUMBER IDENTIFIER
control field SLTCLib
008 - FIXED-LENGTH DATA ELEMENTS--GENERAL INFORMATION
fixed length control field 260605b ce ||||| |||| 00| 0 eng d
020 ## - INTERNATIONAL STANDARD BOOK NUMBER
International Standard Book Number 9780138052256
041 ## - LANGUAGE CODE
Language code of text/sound track or separate title English Language
080 ## - UNIVERSAL DECIMAL CLASSIFICATION NUMBER
Universal Decimal Classification number 004(62)
Item number ERL
100 ## - MAIN ENTRY--PERSONAL NAME
Personal name Erel, Thomas
9 (RLIN) 3566
245 ## - TITLE STATEMENT
Title Cloud Computing
Remainder of title Concepts, Technology, Security & Architecture
250 ## - EDITION STATEMENT
Edition statement 2nd
260 ## - PUBLICATION, DISTRIBUTION, ETC. (IMPRINT)
Place of publication, distribution, etc Hoboken
Name of publisher, distributor, etc Pearson
Date of publication, distribution, etc 2024
300 ## - PHYSICAL DESCRIPTION
Extent 559p.
650 #0 - SUBJECT ADDED ENTRY--TOPICAL TERM
9 (RLIN) 2910
Topical term or geographic name as entry element Cloud computing
650 #0 - SUBJECT ADDED ENTRY--TOPICAL TERM
9 (RLIN) 3564
Topical term or geographic name as entry element Concepts
650 #0 - SUBJECT ADDED ENTRY--TOPICAL TERM
9 (RLIN) 1977
Topical term or geographic name as entry element Technology
650 #0 - SUBJECT ADDED ENTRY--TOPICAL TERM
9 (RLIN) 2553
Topical term or geographic name as entry element Architecture
700 ## - ADDED ENTRY--PERSONAL NAME
9 (RLIN) 3565
Personal name Monroy, Eric Barcelo
942 ## - ADDED ENTRY ELEMENTS (KOHA)
Source of classification or shelving scheme
Koha item type Reference Materials
945 ## - LOCAL PROCESSING INFORMATION (OCLC)
a 3725
b Ishara wickramage
c 3725
d Ishara wickramage
Holdings
Withdrawn status Lost status Source of classification or shelving scheme Materials specified (bound volume or other part) Damaged status Not for loan Permanent Location Current Location Shelving location Date acquired Cost, normal purchase price Full call number Barcode Date last seen Price effective from Koha item type
      2026-06-04     Library of SLTC Library of SLTC Reference Section 2026-06-05 26928.00 004(62) ERL 003407 2026-06-05 2026-06-05 Reference Materials
            Library of SLTC Library of SLTC Reference Section 2026-06-05 26928.00 004(62) ERL 003408 2026-06-05 2026-06-05 Reference Materials
Ghostwriter

All Rights Reserved, Library of SLTC
Sri Lanka Technological Campus, Ingiriya Road, Padukka, Sri Lanka - Telephone: +, Fax: + -
Email:library@sltc.edu.lk
Designed & Maintained by Nimal Hettiarachchi
Last Updated: 15-April -2018